Zpráva o evang. a. w. gymnasiume w T. Sv. Martine na skolsky rok ...

Bibliographic Details
Format: Serial
Language:Slovak
PhysicalDescription:6 zv.
Published: T. Sv. Martin Kníhtlačiarsko-účastinársky spolok 1869-1874
Subjects:

MARC

LEADER 00000cas a2200000 a 4500
001 vtls001324075
003 SK-MaSNL
005 20260425194341.0
008 201106d18691874xo ar 0 0b0slo
035 |a SNK000276778 
040 |a SNK  |b slo  |c SNK  |e AACR2 
041 0 |a slo 
043 |a e-xo--- 
044 |a xo  |c SK 
072 7 |a 373.5/.6  |x Stredné školy  |2 konspekt 
080 |a 373.5  |2 2011 
080 |a 27-47  |2 2011 
080 |a 050  |2 2011 
080 |a (437.6)  |2 2011 
080 |a (047.1)  |2 2011 
245 0 0 |a Zpráva o evang. a. w. gymnasiume w T. Sv. Martine na skolsky rok ... 
246 1 3 |a Zpráva ev. a v. gymnasiume v T. Sv. Martine na školsky rok ... 
260 |a T. Sv. Martin  |b Kníhtlačiarsko-účastinársky spolok  |c 1869-1874 
300 |a 6 zv. 
310 |a 1x ročne 
362 0 |a 1868/69-1873/74 
610 2 7 |a Evanjelická cirkev a.v.  |2 SNKKA  |9 32425 
650 0 7 |a gymnáziá  |2 SNKPH  |9 16386 
650 0 7 |a cirkevné školy  |2 SNKPH  |9 4074 
651 7 |a Martin (Slovensko)  |2 SNKPHgeo  |9 16875 
655 7 |a výročné správy  |2 SNKPH  |9 70580 
752 |a Slovensko  |d Martin 
910 |a snk 
999 |c 11618  |d 13548 
952 |a SNK  |b SNK  |y PREZ  |7 0  |p 17A0217249  |o snkČSC 115/1871-1872  |0 0  |1 0  |4 0  |d 1999-11-04  |l 0  |r 2005-01-02 00:00:00  |w 2026-02-21 
952 |a SNK  |b SNK  |y PREZ  |7 0  |p 17A0217162  |o snkČSC 115/1868-1869  |0 0  |1 0  |4 0  |d 1999-11-04  |l 0  |r 2005-01-02 00:00:00  |w 2026-02-21 
952 |a SNK  |b SNK  |y PREZ  |7 0  |p 17A0217326  |o snkČSC 115/1870-1871  |0 0  |1 0  |4 0  |d 1999-11-04  |l 0  |r 2005-01-02 00:00:00  |w 2026-02-21 
952 |a SNK  |b SNK  |y PREZ  |7 0  |p 17A0125137  |o snkČSC 115/1869-1870 D2  |i snkK 748/98  |8 3  |g 1.16  |0 0  |1 0  |4 0  |d 1998-03-11  |l 0  |r 2005-01-02 00:00:00  |w 2026-02-21 
952 |a SNK  |b SNK  |y PREZ  |7 0  |p 17A0217327  |o snkČSC 115/1869-1870  |0 0  |1 0  |4 0  |d 1999-11-04  |l 0  |r 2005-01-02 00:00:00  |w 2026-02-21 
952 |a SNK  |b SNK  |y PREZ  |7 0  |p 17A0823553  |o snkČSC 115/1873-1874 D1  |i snkČSK 520/56  |8 3  |0 0  |1 0  |4 0  |d 2014-06-12  |l 0  |r 2026-02-21 21:14:44  |w 2026-02-21 
952 |a SNK  |b SNK  |y PREZ  |7 0  |p 17A0173582  |o snkČSC 115/1872-1873  |0 0  |1 0  |4 0  |d 1998-12-21  |l 0  |r 2005-01-02 00:00:00  |w 2026-02-21 
952 |a SNK  |b SNK  |y PREZ  |7 0  |p 17A0173242  |o snkČSC 115/1873-1874  |0 0  |1 0  |4 0  |d 1998-12-21  |l 0  |r 2005-01-02 00:00:00  |w 2026-02-21 
952 |a SNK  |b SNK  |y PREZ  |7 0  |p 17A1150770  |o snkČSC 115/1870-1871 D1  |i snkF 1560/71  |8 5  |0 0  |1 0  |4 0  |d 2016-08-18  |l 0  |r 2026-02-21 22:03:00  |w 2026-02-21 
952 |a SNK  |b SNK  |y PREZ  |7 0  |p 17A1150771  |o snkČSC 115/1871-1872 D1  |i snkF 4770/67  |8 5  |0 0  |1 0  |4 0  |d 2016-08-18  |l 0  |r 2026-02-21 22:03:00  |w 2026-02-21 
952 |a SNK  |b SNK  |y PREZ  |7 0  |p 17A1188065  |o snkČSC 115/1868-1869 D1  |i snkF 1558/71  |8 5  |0 0  |1 0  |4 0  |d 2017-07-28  |l 0  |r 2026-02-21 22:25:46  |w 2026-02-21